000 00415nam a2200169Ia 4500
003 GCL
008 140319s9999 xx 000 0 eng d
040 _aGCL /
_cGCL
082 0 4 _a920.71
_bK E
100 1 _aKING, FRANCIS
245 1 0 _aE.M.FORSTER /
_cKING, FRANCIS
260 _a[S.N] :
_bTHAMES AND HUDSON ،
_c1978
300 _a128 P P
650 0 4 _aBIOGRAPHIES
650 0 4 _aFORSTER, E.M
942 _2ddc
_cBK
999 _c11828
_d11828